000 00916nam a22003250a 4500
001 PT27644
003 AR-LpoUNG
005 20210131233338.0
008 191001s2008||||bl |||||||||||||||||por d
020 _a9788574724164
_c$100
040 _aAR-LpoUNG
_bspa
_cAR-LpoUNG
_eaacr
041 _apor
044 _abl
082 0 _aR469 917min
100 1 _aBuarque de Holanda Ferreira, Aurélio
245 1 0 _aMini Aurélio o dicionário da língua portuguesa
250 _a6ta. ed., 11va. reimpr.
260 _aCuritiva :
_bPositivo,
_c2008.
300 _a895 p. :
_bil., gráfs., tbls.
505 0 _aAcompaña Cd-Rom
650 4 _aDICCIONARIOS
650 4 _aLENGUA PORTUGUESA
650 4 _aLEXICOGRAFIA
650 4 _aMATERIAL DE REFERENCIA
650 4 _aTERMINOLOGIA
651 4 _aDOCUMENTOS TEORICOS O METODOLOGICOS
653 _aDICCIONARIOS DE PORTUGUES
905 _a27644
942 _cLSALA
999 _c20195
_d20195